000 01340nam a2200301 a 4500
001 BRCA_4957
005 20190320204858.0
008 221010s1740----mx-#######---#000-0#spa-#
041 _aspa
044 _amx
084 _aDOC49
_b.F45
_c1740
100 1 _aFelipe
_bV
_cRey de España
_d1683-1746
_912612
245 1 0 _aDocumento firmado por el Rey Felipe V
_cFelipe V.
260 _aMadrid
_c1740
300 _a[2] fojas
_c30 x 21 cm.
500 _aDocumento firmado el 7 de enero de 1740.
500 _aComunicado del Rey dirigido al Obispo de la Iglesia Catedral de Puebla, manifestándole con motivo de la guerra declarada con ingleses, contribuya a impedir cualquier insulto que por ellos se intente en continuación al buen celo y amor que siempre se le ha experimentado.
500 _a[Real Cédula] Firmada como ´Yo el Rey´.
500 _aEl documento contiene la leyenda DOC. #59.
500 _aPapel con marca de agua.
506 0 _aFondo Reservado. Para su consulta es necesario credencial de usuario y carta de motivos.
546 _aTexto en: español de principios del mediados del siglo XVIII.
600 1 4 _aFelipe
_bV
_cRey de España
_d1683-1746
_xHistoria
_912613
650 1 4 _aDocumentos legales
_zEspaña
_912614
651 4 _aMéxico
_xHistoria
_yColonia, 1521-1821
_912461
902 _aFDH
942 _2lcc
_cD
999 _c4651
_d4651